History Quiz

Random History or Clickable Quiz

Youngest to Oldest Minefield Quiz Stats

Quiz Updated Nov 23, 2015

Challenge
Share
Tweet
Embed
Score 0/20 Timer 10:00
28 Plays Today
% Correct
???
62.2%
???
52.9%
???
44.6%
???
42.9%
???
42.5%
???
40.6%
???
37.8%
???
35%
???
32.5%
???
31.2%
% Correct
???
29.3%
???
28.6%
???
25.9%
???
25.4%
???
24.3%
???
23.8%
???
23.5%
???
23.3%
???
22.2%
???
21.9%

You're not logged in!

Compare scores with friends on all Sporcle quizzes.
Join for Free
OR
Log In

You Might Also Like...

Show Comments

Extras

Top Quizzes Today


Score Distribution

Your Account Isn't Verified!

In order to create a playlist on Sporcle, you need to verify the email address you used during registration. Go to your Sporcle Settings to finish the process.

Report this User

Report this user for behavior that violates our Community Guidelines.

Details: